Evaluation of government employment regulations and their impact on small business (Record no. 103549)

MARC details
000 -LEADER
fixed length control field 01151cam a2200229 4500
001 - CONTROL NUMBER
control field J126019
008 - FIXED-LENGTH DATA ELEMENTS--GENERAL INFORMATION
fixed length control field 040427n2004 000 0 eng u
035 ## - SYSTEM CONTROL NUMBER
System control number (Sirsi) u126019
041 ## - LANGUAGE CODE
Language code of text/sound track or separate title eng
050 ## - LIBRARY OF CONGRESS CALL NUMBER
Classification number 658.022
-- 18
110 ## - MAIN ENTRY--CORPORATE NAME
Corporate name or jurisdiction name as entry element Opinion Leader Research
9 (RLIN) 4625
245 ## - TITLE STATEMENT
Title Evaluation of government employment regulations and their impact on small business
260 ## - PUBLICATION, DISTRIBUTION, ETC.
Place of publication, distribution, etc. London
Name of publisher, distributor, etc. SBC
Date of publication, distribution, etc. 2004
520 ## - SUMMARY, ETC.
Summary, etc. This research report examines the opinions of small businesses towards employment regulations. Key messages from the research are: employment legislation makes no positive difference to small businesses; employment legislation may have a negative impact on small businesses; and small businesses have a low awareness of employment regulations and see complying with them a low priority. View at www.sbs.gov.uk.
650 ## - SUBJECT ADDED ENTRY--TOPICAL TERM
Topical term or geographic name entry element SMES
650 ## - SUBJECT ADDED ENTRY--TOPICAL TERM
Topical term or geographic name entry element EMPLOYMENT LEGISLATION
650 ## - SUBJECT ADDED ENTRY--TOPICAL TERM
Topical term or geographic name entry element SMALL BUSINESSES
690 ## - LOCAL SUBJECT ADDED ENTRY--TOPICAL TERM (OCLC, RLIN)
Topical term or geographic name as entry element MANAGEMENT-BUSINESS MANAGEMENT
710 ## - ADDED ENTRY--CORPORATE NAME
Corporate name or jurisdiction name as entry element Small Business Council
9 (RLIN) 4626
856 ## - ELECTRONIC LOCATION AND ACCESS
Uniform Resource Identifier <a href="https://www.sbs.gov.uk/content/sbc/rigreport.pdf">https://www.sbs.gov.uk/content/sbc/rigreport.pdf</a>
Public note View the report (pdf 147kb) on the Small Business Service website
942 ## - ADDED ENTRY ELEMENTS (KOHA)
Suppress in OPAC 0

No items available.